000 00328nam a2200109Ia 4500
008 171204s9999 xx 000 0 und d
245 _aBusiness Research Methods:
245 _cDonald R Cooper and Pamela S. Schindler
260 _c2015
650 _xBUSINESS RESEARCH
856 _uhttp://down.ebook777.com/026/BusResMet12Edi.pdf
999 _c346943
_d346943